000 01851nam a2200265Ia 4500
999 _c55568
_d55568
001 22650
003 GE_BSU
005 20230410105747.0
008 181216s ||||ge |||||||||||||| ||geo||
020 _a9789941261206
040 _cGE_BSU
041 _ageo
080 _a821.111.1+821.353.1 შ-16
100 _aშავლაძე, თეა
_95961
245 _aნეკროლოგი როგორც ტექსტობრივი ფენომენი და მისი ტოპოლოგიური და ლინგვოკულტუროლოგიური თავისებურებები(თანამედროვე ქართული და ანგლოამერიკული ნეკროლოგების მასალაზე) :
_bმონოგრაფია /
_cთეა შავლაძე ; რედ. მანანა ღარიბაშვილი.
264 _aთბილისი :
_bუნივერსალი,
_c2017.
300 _a132 გვ. ;
_c20 სმ.
504 _aბიბლიოგრაფ. გვ. 128-131
541 _h10ლ.
653 _aინგლისური ლიტერატურა
653 _aნეკროლოგი როგორც ტექსტობრივი ფენომენი და მისი ტოპოლოგიური და ლინგვოკულტუროლოგიური თავისებურებები(თანამედროვე ქართული და ანგლოამერიკული ნეკროლოგების მასალაზე)
653 _aმონოგრაფია
700 _aღარიბაშვილი, მანანა
_eრედქტორი
_93637
942 _cBK
_2udc